Crown Estate results (Record no. 67690)

MARC details
000 -LEADER
fixed length control field 00951cam a2200229 4500
001 - CONTROL NUMBER
control field WB3727-20
008 - FIXED-LENGTH DATA ELEMENTS--GENERAL INFORMATION
fixed length control field 010711n2001 000 0 eng u
035 ## - SYSTEM CONTROL NUMBER
System control number (Sirsi) u113604
245 ## - TITLE STATEMENT
Title Crown Estate results
260 ## - PUBLICATION, DISTRIBUTION, ETC.
Date of publication, distribution, etc. 2001
490 ## - SERIES STATEMENT
Series statement Crown Estate Press Release
Volume/sequential designation 9 July 2001, (3)
520 ## - SUMMARY, ETC.
Summary, etc. Discusses the increase in net revenue for the Crown Estate, attributing the good performance to their successful long-term property investment strategy. Looks at the performance of capital investment especially in Central London, and the performance of the agriculture sector in view of the foot and mouth outbreak, as well as the plans for a new offshore wind farm industry to supply energy to homes in UK.
590 ## - LOCAL NOTE (RLIN)
Local note WB
650 ## - SUBJECT ADDED ENTRY--TOPICAL TERM
Topical term or geographic name entry element CROWN ESTATE
650 ## - SUBJECT ADDED ENTRY--TOPICAL TERM
Topical term or geographic name entry element URBAN ESTATE
650 ## - SUBJECT ADDED ENTRY--TOPICAL TERM
Topical term or geographic name entry element RURAL ESTATE
650 ## - SUBJECT ADDED ENTRY--TOPICAL TERM
Topical term or geographic name entry element REVENUE
650 ## - SUBJECT ADDED ENTRY--TOPICAL TERM
Topical term or geographic name entry element CAPITAL INVESTMENT
650 ## - SUBJECT ADDED ENTRY--TOPICAL TERM
Topical term or geographic name entry element TERRITORIAL WATERS
690 ## - LOCAL SUBJECT ADDED ENTRY--TOPICAL TERM (OCLC, RLIN)
Topical term or geographic name as entry element INVESTMENT
942 ## - ADDED ENTRY ELEMENTS (KOHA)
Suppress in OPAC 0
Holdings
Withdrawn status Lost status Source of classification or shelving scheme Damaged status Not for loan Home library Current library Shelving location Date acquired Total Checkouts Full call number Barcode Date last seen Copy number Price effective from Koha item type
    Dewey Decimal Classification     London London News article 11/07/2001   WB3727-20 113604-1001 06/08/2019 1 06/08/2019 News article